[Event "IECC O email"]
[Site "IECC email"]
[Date "1999.07.17"]
[Round "?"]
[White "City, Hank"]
[Black "Piil, Robert"]
[Result "1-0"]
[WhiteElo "1212"]
[BlackElo "1300"]
[PlyCount "35"]
[EventDate "1999.??.??"]
[EventType "tourn (corr)"]
[EventRounds "6"]
[SourceTitle "Corr 2008"]
[Source "ChessBase"]
[SourceDate "2008.06.24"]
[SourceVersion "1"]
[SourceVersionDate "2008.06.24"]
[SourceQuality "1"]

1. e4 c5 2. Nf3 e6 3. c3 d5 4. e5 Qb6 5. a3 Bd7 6. b4 Bb5 7. Bxb5+ Qxb5 8. a4 Qd3 9. bxc5 Nd7 10. Qe2 Nxc5 11. Qxd3 Nxd3+ 12. Ke2 Nf4+ 13. Kf1 Ne7 14. d4 Nfg6 15. Na3 Rc8 16. Nb5 Nf5 17. Bd2 a6 18. Na3 1-0